000 00803nam a2200241 a 4500
001 000043998
005 20260116073830.0
008 110407s2008 dr 000 0 spa d
020 _a9789945854732
040 _aDO-SdBNP
_bspa
_cBNPHU
082 _a158.1
_bH632d
100 1 _aHidalgo, Saulo
_9386
245 1 0 _aDel pozo al palacio :
_b7 pasos para mejorar drásticamente su vida /
_cSaulo Hidalgo ; prólogo Josu Iriondo.
260 _aSanto Domingo :
_aSerigraf,
_c2008.
300 _a345 p. ;
_c22 cm.
650 4 _aTécnicas de autoayuda
_9387
650 0 _aAutorrealización (Psicología)
_9211
650 0 _aAutoestima
_9212
650 4 _aToma de decisiones
_95494
650 4 _aÉtica cristiana
_9389
700 1 2 _aIriondo, Josu,
_epról.
_955173
910 _aValidado. Control de calidad MFF
999 _c43487
_d43487